La paralizacin̤ de los r̤ganos sociales en las sociedades de capital Estudio de sus remedios societarios y una propuesta de reforma /

Detalles Bibliográficos
Autor principal: Fernǹdez del Pozo, Luis
Formato: eBook
Lenguaje:español
Publicado: Madrid: Marcial Pons, 2018
Materias:
Acceso en línea:Acceso restringido

MARC

LEADER 00000nam a22000007a 4500
005 20211101212342.0
007 cr|||| ||||
008 211101s2018 es |||||s|||| 00||0 spa d
020 |a 978-84-1381-166-6 
035 |a 33671 
040 |a vLex 
090 |c 12617  |d 12617 
100 1 |a Fernǹdez del Pozo, Luis 
245 1 2 |a La paralizacin̤ de los r̤ganos sociales en las sociedades de capital  |h [Recurso electrn̤ico] :  |b Estudio de sus remedios societarios y una propuesta de reforma /  |c Luis Fernǹdez del Pozo 
256 |a Servicio en ln̕ea 
260 |a Madrid:  |b Marcial Pons,  |c 2018 
300 |a 1 recurso electrn̤ico 
500 |a Es habitual contemplar los problemas derivados de los "conflictos horizontales" entre los socios desde la perspectiva del abuso del mayoritario. La prc̀tica societaria demuestra que no son precisamente inhabituales los casos de diferencias irreconciliables entre socios que ostentan una posicin̤ paritaria. En tales supuestos, la quiebra sobrevenida de la affectio societatis desemboca habitualmente en una paralizacin̤ corporativa para cuyo remedio la LSC contempla exclusivamente la disolucin̤ judicial de la sociedad. A la sazn̤ es curioso constatar que nuestra doctrina mercantil ha centrado su atencin̤ preferente en el examen del presupuesto de hecho de la causa legal de disolucin̤ por paralizacin̤ de r̤ganos sociales en lugar del estudio de los remedios ms̀ eficientes de este tipo de situaciones… cuando la disolucin̤ judicial debera̕ ser siempre el l︢timo remedio y solamente utilizable cuando fracasan otros mecanismos dirigidos a preservar la continuidad de las empresas viables. La presente monografa̕, despuš de explicar la paradoja de la infrecuente adopcin̤ de previsiones estatutarias o contractuales, dedica su atencin̤ al anl̀isis de los posibles mecanismos y estrategias contractuales que, al amparo del principio de autonoma̕ de la voluntad, pueden ser utilizadas con provecho tales como las clùsulas para dirimir el empate; la separacin̤ del socio por ruptura de la affectio societatis; las clùsulas de "arrastre" o de "acompaąmiento" (drag-along y tag-along); las clùsulas llamadas "de duelo" (shoot-out) y de subasta y los mecanismos de prevencin̤ extrajudicial de la crisis (arbitraje, arbitramiento, mediacin̤ y conciliacin̤). Concluye el trabajo con una propuesta de reforma legislativa. 
506 1 |a Disponible solo en los productos indicados  |d vLex Global  |d vLex Global (Academic Edition, excluding Law Schools)  |d vLex Global (U.S. Academic Edition, Law Schools)  |d vLex Global (U.S. Academic Edition, excluding Law Schools)  |d vLex Global (Academic Edition, Law Schools) 
650 0 4 |a Sociedades  |z Espaą 
740 0 |a vLex Libros (Servicio en ln̕ea) 
856 4 0 |u https://app.vlex.com/#/sources/33671  |z Acceso restringido 
942 |c BOOK 
999 0 |a Societies